| 000 | 00475nam a22001817a 4500 | ||
|---|---|---|---|
| 999 |
_c524309 _d524309 |
||
| 003 | NUST | ||
| 022 | _29694721326 | ||
| 038 | _awaseem | ||
| 082 |
_a306.095491 _bAMJ |
||
| 100 |
_aAmjad, Rasheed _914665 |
||
| 245 |
_aPakistan Saqafhat / _cRasheed Amjad |
||
| 260 |
_aIslamabad : _bAcademy Adabiyat, _c1999. |
||
| 300 | _a223 p. ; | ||
| 500 | _aPaperback. | ||
| 880 |
_6100-02\r _aرشید امجد |
||
| 880 |
_6245-02\r _aپاکستانی ثقافت / |
||
| 942 |
_2ddc _cBK |
||